000 01152cam a2200289 a 4500
005 20260325105118.0
008 971118s1998 nyua b 001 0 eng
020 _a1565844203
020 _a9781565844209 (pbk.)
082 0 0 _a306.43 AYE
100 _aAyers William
245 0 0 _aTeaching for social justice :
_ba Democracy and education reader /
_cedited by William Ayers, Jean Ann Hunt, and Therese Quinn.
260 _aNew York :
_bNew Press :
_c1998.
300 _axlvi, 326 p. :
_bill. ;
_c24 cm.
504 _aIncludes bibliographical references and index.
650 0 _aEducation
_xSocial aspects
_zUnited States.
650 0 _aTeaching
_xSocial aspects
_zUnited States.
650 0 _aSocial justice
_zUnited States.
650 0 _aPopular education
_zUnited States.
700 1 _aAyers, William,
_d1944-
700 1 _aHunt, Jean Ann.
700 1 _aQuinn, Therese.
730 0 _aDemocracy & education.
856 4 2 _3Publisher description
_uhttp://www.loc.gov/catdir/enhancements/fy1505/97049382-d.html
856 4 2 _3Contributor biographical information
_uhttp://www.loc.gov/catdir/enhancements/fy1505/97049382-b.html
942 _2ddc
_cBK
999 _c35000
_d35000